000 00952ngm a22003130a 4500
001 PT16721
003 AR-LpoUNG
005 20210202000234.0
007 vd cvaizq
008 191001s1977||||ag |||||||||||||||||spa d
037 _c$6.63
040 _aAR-LpoUNG
_bspa
_cAR-LpoUNG
_eaacr
044 _aag
082 0 _a891.7 637pie
100 1 _aMijalkov, Nikita
_edir.
245 1 0 _aPieza inconclusa para piano mecánico
260 _aBuenos Aires :
_bKinema,
_c[1977].
300 _aVHS : son., byn
505 0 _aFotografía: Pável Lébeshev ; Eduard Artémiev. - Basada en "Platonov" de Anton Chejov
520 _aUna conmovedora historia de seres angustiados por la necesidad de amar. La corrupción y decadencia de una sociedad en crisis.
650 4 _aCRISIS SOCIAL
650 4 _aINDIVIDUOS
650 4 _aMEDIO SOCIAL
650 4 _aPERSONALIDAD
650 4 _aSOCIEDAD
653 _aVIDEOS
905 _a16721
942 _cVIDEO
999 _c54417
_d54417